Normale Ansicht
MARC-Ansicht
Eintrag Personenname
001 - Kontrollnummer
- Kontrollfeld: 34743
003 - Kontrollnummer Identifier
- Kontrollfeld: RU-10907106
005 - Datum und Zeit der letzten Transaktion
- Kontrollfeld: 20231010141024.0
008 - Datenelemente mit fester Länge
- Kontrollfeld mit fester Länge: 231010|| aca||aabn | a|a d
040 ## - Katalogisierungsquelle
- Original-Katalogisierungsstelle: RU-10907106
- Übertragungsstelle: RU-10907106
100 ## - Ansetzung - Personenname
- Personenname: Harris, William V.
- Vollständige Form eines Namens: (William Vernon)
670 ## - Datenquelle
- Quellenangabe: Work cat.: (RU-10907106)64817: Harris, William V. (William Vernon), War and imperialism in Republican Rome, 327-70 B.C.